Kontinuita i novátorstvo zároveň

Bibliographic Details
Main Author: Valenta, František, 1928-2002 (Author)
Format: Article
Language:Slovak
Subjects:

MARC

LEADER 00000nab a2200000 a 4500
001 vtls000304417
003 SK-MaSNL
005 20260304233201.0
008 111201c1988 xo 0 slo
015 |a SNBRB19rr/mm-uuuuu 
035 |a CL0314536 
040 |a SNKBUCL  |b slo  |c SNKBUCL  |e AACR2 
041 0 |a slo 
044 |a xo  |c SK 
080 |a 1 100.582  |2 1981 
100 1 |a Valenta, František,  |d 1928-2002  |4 aut  |9 156172 
245 1 0 |a Kontinuita i novátorstvo zároveň  |c František Valenta 
650 0 7 |a socialistické a komunistické spoločnosti  |2 snkbucl  |9 162519 
655 7 |a články z novín a časopisov  |2 snkbucl  |9 267496 
773 0 |t Nové slovo  |g Roč. 30, č. 11 (1988), s. 1 a 6 
850 |a Slovenská národná knižnica v Martine  |a MTA001 
852 |a SNK  |b KIS3GCP 
958 |a RK 
992 |a RBX 
999 |c 3197616  |d 3199546